| 000 | 00394nam a2200157Ia 4500 | ||
|---|---|---|---|
| 008 | 230711s9999||||xx |||||||||||||| ||und|| | ||
| 020 | _a81-261-1362-6 | ||
| 041 | _aENG | ||
| 082 |
_a630 _bRA-P |
||
| 100 | _aRajan, S. Sundara | ||
| 245 | 0 | _aPhysiology of Transport in Plants | |
| 260 |
_c2003 _aNew Delhi _bAnmol Publication(P) Ltd. |
||
| 300 | _a186p. | ||
| 650 | _aAgriculture | ||
| 942 | _cBK | ||
| 999 |
_c7586 _d7586 |
||